| 000 | 00502nam a2200193 a 4500 | ||
|---|---|---|---|
| 001 | 6595 | ||
| 003 | CO-ViMGA | ||
| 008 | 141112s2004 ck r 000 u spa d | ||
| 020 | _a9589061370 | ||
| 040 |
_aCO-ViMGA _bspa _cCO-ViMGA |
||
| 082 | 0 | 4 | _a341.481 T471 |
| 100 | 1 | _aTirado Mejía, Alvaro | |
| 245 | 1 | 0 | _aHacia una concepción global de los derechos humanos |
| 260 |
_aBogotá : _bCerec, _c198 - |
||
| 300 | _a104 p | ||
| 490 | _aTexto, 14 | ||
| 650 | 1 | 4 |
_aDERECHOS HUMANOS _955 |
| 942 |
_2ddc _cBK |
||
| 999 |
_c18564 _d18564 |
||